000 00754nam a2200181Ia 4500
003 OSt
005 20240206155314.0
007 ca aa aaaaa
008 201103s9999 xx 000 0 und d
040 _cSSBUL
041 _abur
082 _a၂၉၄.၃၄၃၅၀၉
_bထွန်း
100 _a ထွန်းလွင်၊ မောင်၊ ထားဝယ်
_919567
245 1 0 _aထားဝယ်ရှေးဟောင်းသမိုင်းဝင်ရှင်ကိုးရှင်ဘုရားများ /
_c မောင်ထွန်းလွင် (ထားဝယ်)။
300 _a၂၁၃ စာမျက်နှာ ၊
_bပုံများ ၊
_c၁၉ စင်တီ။
942 _cBK
942 _2ddc
999 _c20873
_d20873